Vplyv vekových skupín na zmenu ukazovateľa strednej dĺžky života

Analýza vplyvu vekových skupín na zmenu strednej dĺžky života pri narodení. Špecifiká vekovej štruktúry populácie a samotný rozsah zmien intenzity úmrtnosti v sledovanom období.

Guardado en:
Detalles Bibliográficos
Autor principal: Coss, Soňa
Formato: Capítulo de libro
Lenguaje:eslovaco
Materias:
Etiquetas: Agregar Etiqueta
Sin Etiquetas, Sea el primero en etiquetar este registro!

MARC

LEADER 00000naa$a2200000$$$4500
001 0195633
005 20240502073302.4
041 0 |a slo 
044 |a SK 
245 1 0 |a Vplyv vekových skupín na zmenu ukazovateľa strednej dĺžky života  |c Soňa Coss 
520 |a Analýza vplyvu vekových skupín na zmenu strednej dĺžky života pri narodení. Špecifiká vekovej štruktúry populácie a samotný rozsah zmien intenzity úmrtnosti v sledovanom období. 
610 2 0 |a demografia 
610 2 0 |a obyvateľstvo 
610 2 0 |a štatistika demografická 
610 2 0 |a starnutie populácie 
610 2 0 |a skupiny vekové 
610 2 0 |a úmrtnosť 
100 1 |a Coss, Soňa